00730nam a22001697a 4500003000900000008004100009040007100050082001600121100004900137245008200186260003100268300004800299505015400347650002100501650001700522650002100539AR-CdUCM190523b ||||| |||| 00| 0 spa d aMUNICIPALIDAD PROVINCIAL DEL CUSCOcBIBLIOTECA MUNICIPAL DEL CUSCO a330 /bSA24 aSandoval Z. Godofredo, Ayllon Soria,Virginia aLa memoria de las ciudades :bBibliográfica urbana de Bolivia (1952 - 1991) aBoliviabILDIS - CEPc1992 a447 páginasc22 cm.bMapas geográficos  aContenido: Regiones, población y urbanización -- Tendencias de la producción bibliográfica en Bolivia -- Desarrollo de la bibliográfia...  aModernización  aMigración  aUrbanización